[Event "IECG TG.2005.0.15442"]
[Site "IECG email"]
[Date "2005.07.09"]
[Round "2"]
[White "Bottoni, Carlo"]
[Black "Jaervinen, Robert"]
[Result "1-0"]
[WhiteElo "1218"]
[BlackElo "1300"]
[PlyCount "71"]
[EventDate "2005.07.09"]
[EventType "match (corr)"]
[EventRounds "2"]
[SourceTitle "Corr 2008"]
[Source "ChessBase"]
[SourceDate "2008.06.24"]
[SourceVersion "1"]
[SourceVersionDate "2008.06.24"]
[SourceQuality "1"]

1. d4 Nf6 2. c4 e6 3. Nc3 Bb4 4. e3 0-0 5. Bd3 d5 6. Nf3 c5 7. 0-0 dxc4 8. Bxc4 cxd4 9. exd4 b6 10. Bg5 Bb7 11. Ne5 Nc6 12. Bxf6 Qxf6 13. Nd7 Qh4 14. Nxf8 Kxf8 15. Bd3 Rd8 16. a3 Bd6 17. g3 Qxd4 18. Be4 Qc5 19. Qa4 a6 20. Bg2 Be7 21. Rfd1 b5 22. Qf4 e5 23. Qe4 g6 24. Qe1 Rd4 25. Nd5 Qd6 26. Nxe7 Qxe7 27. Bxc6 Rxd1 28. Rxd1 Bxc6 29. Qc3 Be8 30. f4 Qa7+ 31. Kf1 Qa8 32. Qc5+ Kg8 33. Kg1 exf4 34. Qe7 fxg3 35. Rd8 gxh2+ 36. Kxh2 1-0

[Event "IECG CE.2005.0.00087 email"]
[Site "IECG email"]
[Date "2005.06.26"]
[Round "1"]
[White "Eul, Andreas"]
[Black "Jaervinen, Robert"]
[Result "0-1"]
[WhiteElo "1200"]
[BlackElo "1300"]
[PlyCount "52"]
[EventDate "2005.06.26"]
[EventType "tourn (corr)"]
[EventRounds "6"]
[SourceTitle "Corr 2008"]
[Source "ChessBase"]
[SourceDate "2008.06.24"]
[SourceVersion "1"]
[SourceVersionDate "2008.06.24"]
[SourceQuality "1"]

1. e4 e6 2. d4 d5 3. Nc3 Bb4 4. Bd2 dxe4 5. Nxe4 Qxd4 6. f3 Bxd2+ 7. Nxd2 Qxb2 8. Bd3 Qe5+ 9. Ne2 Nf6 10. 0-0 Nc6 11. Nc4 Qc5+ 12. Rf2 0-0 13. Qd2 b6 14. Ne3 Bb7 15. f4 Nb4 16. f5 Rad8 17. fxe6 Ne4 18. Qe1 Nxf2 19. Kxf2 fxe6+ 20. Kg1 Qxe3+ 21. Kh1 Nxd3 22. cxd3 Rf2 23. Qg1 Qxe2 24. Re1 Rxg2 25. Rxe2 Rxe2+ 26. Qg2 Re1# 0-1

[Event "IECG CE.2005.0.00087 email"]
[Site "IECG email"]
[Date "2005.06.26"]
[Round "1"]
[White "Jaervinen, Robert"]
[Black "Clark, Ted"]
[Result "1-0"]
[WhiteElo "1300"]
[BlackElo "1392"]
[PlyCount "72"]
[EventDate "2005.06.26"]
[EventType "tourn (corr)"]
[EventRounds "6"]
[SourceTitle "Corr 2008"]
[Source "ChessBase"]
[SourceDate "2008.06.24"]
[SourceVersion "1"]
[SourceVersionDate "2008.06.24"]
[SourceQuality "1"]

1. d4 d5 2. c4 e6 3. Nf3 Nf6 4. Nc3 Nbd7 5. e3 Be7 6. Bd3 0-0 7. 0-0 dxc4 8. Bxc4 c5 9. Re1 a6 10. e4 cxd4 11. Nxd4 Qc7 12. Bxe6 fxe6 13. Nxe6 Qe5 14. Nxf8 Bxf8 15. Qb3+ Kh8 16. Qf7 b5 17. f4 Qh5 18. Qxh5 Nxh5 19. g4 Nhf6 20. g5 Ne8 21. Be3 Bb7 22. Rad1 Nc5 23. e5 g6 24. Nd5 Ng7 25. Nb6 Re8 26. Nd7 Nxd7 27. Rxd7 Bc8 28. Ra7 Nf5 29. Bf2 Bb4 30. Re2 Rd8 31. a3 Rd1+ 32. Kg2 Be7 33. b4 Kg8 34. e6 Rd3 35. Bc5 Bxc5 36. bxc5 Kf8 1-0

[Event "IECG CE.2005.0.00087 email"]
[Site "IECG email"]
[Date "2005.06.26"]
[Round "1"]
[White "MacDonald, Rob"]
[Black "Jaervinen, Robert"]
[Result "0-1"]
[WhiteElo "1329"]
[BlackElo "1300"]
[PlyCount "60"]
[EventDate "2005.06.26"]
[EventType "tourn (corr)"]
[EventRounds "6"]
[SourceTitle "Corr 2008"]
[Source "ChessBase"]
[SourceDate "2008.06.24"]
[SourceVersion "1"]
[SourceVersionDate "2008.06.24"]
[SourceQuality "1"]

1. Nf3 Nf6 2. g3 d5 3. Bg2 e6 4. 0-0 c5 5. d3 Nc6 6. Bg5 h6 7. Bd2 Bd6 8. Nc3 a6 9. Qc1 d4 10. Nd1 0-0 11. Bxh6 gxh6 12. Qxh6 Nh7 13. c3 Qf6 14. Qd2 e5 15. Rc1 Bg4 16. cxd4 exd4 17. b3 Rfe8 18. Nb2 b5 19. Rfe1 Rac8 20. a4 Be6 21. axb5 axb5 22. Qd1 Qh6 23. h4 f5 24. e3 dxe3 25. fxe3 Bf7 26. Kf2 Qg7 27. Re2 Nf6 28. Ng5 Ng4+ 29. Kf3 Rxe3+ 30. Rxe3 Nd4# 0-1